Złota Piłka 2007 - Top 10 - Statystyki

Ogólne statystyki
  • Ten quiz został rozwiązany 422 razy
  • Średni wynik to 7 z 10
Statystyki odpowiedzi
Lp. Klub Kraj Zawodnik % Poprawnych
2 Man United Portugalia Cristiano Ronaldo
100%
3 Barcelona Argentyna Lionel Messi
99%
4 Chelsea WKS Didier Drogba
97%
1 Milan Brazylia Kaka
95%
7 Inter Szwecja Zlatan Ibrahimovic
90%
10 Roma Włochy Francesco Totti
77%
5 Milan Włochy Andrea Pirlo
63%
8 Arsenal Hiszpania Cesc Fabregas
52%
6 Man United Holandia Ruud Van Nistelrooy
37%
9 Real Madryt Brazylia Robinho
33%
Nie znaleziono quizów pasujących do podanych kryteriów
Rozkład punktacji
Procent ludzi z każdym wynikiem
Percentyl według liczby udzielonych odpowiedzi
Twoja historia wyników
Nie rozwiązałeś tego quizu